header

What are the chances? (Record no. 10370)

MARC details
000 -LEADER
fixed length control field 01425nam a2200325Ia 4500
082 04 - DEWEY DECIMAL CLASSIFICATION NUMBER
Classification number 519.2
100 1# - MAIN ENTRY--AUTHOR NAME
Personal name Holland, Bart K.
245 10 - TITLE STATEMENT
Title What are the chances?
260 ## - PUBLICATION, DISTRIBUTION, ETC. (IMPRINT)
Place of publication Baltimore :
Name of publisher The Johns Hopkins University Press,
Year of publication 2002.
300 ## - PHYSICAL DESCRIPTION
Number of Pages xi, 141 p. :
Other physical details ill.
500 ## - GENERAL NOTE
General note Includes index.
505 0# - FORMATTED CONTENTS NOTE
Formatted contents note Roulette wheels and the plague -- Surely something's wrong with you -- The life table: you can bet on it! -- The rarest events -- The waiting game -- Stockbrokers and climate change.
650 #0 - SUBJECT ADDED ENTRY--TOPICAL TERM
Topical Term Probabilities
Topical Term Chance
856 40 - ELECTRONIC LOCATION AND ACCESS
Uniform Resource Identifier http://site.ebrary.com/lib/rucke/Doc?id=10021682

No items available.

© 2026 Rongo University
Contact us: librarian | system librarian | Rongo university